<?xml version="1.0" encoding="UTF-8"?>
<record
    xmlns:xsi="http://www.w3.org/2001/XMLSchema-instance"
    xsi:schemaLocation="http://www.loc.gov/MARC21/slim http://www.loc.gov/standards/marcxml/schema/MARC21slim.xsd"
    xmlns="http://www.loc.gov/MARC21/slim">

  <leader>00659nam a2200181 i 4500</leader>
  <controlfield tag="001">25686</controlfield>
  <controlfield tag="003">ES-MaACL</controlfield>
  <controlfield tag="005">20230906153320.0</controlfield>
  <controlfield tag="007">t|</controlfield>
  <controlfield tag="008">030102s1972    sp f         |||| | spa d</controlfield>
  <datafield tag="245" ind1="0" ind2="0">
    <subfield code="a">Archivo de prehistoria levantina.</subfield>
  </datafield>
  <datafield tag="260" ind1=" " ind2=" ">
    <subfield code="a">Valencia : </subfield>
    <subfield code="b">[Diputaci&#xF3;n Provincial] : </subfield>
    <subfield code="b">Servicio de Investigaci&#xF3;n Prehist&#xF3;rica, </subfield>
    <subfield code="c">1972.</subfield>
  </datafield>
  <datafield tag="300" ind1=" " ind2=" ">
    <subfield code="a">416 p., 43 l&#xE1;m., 2 l&#xE1;m. pleg. ; </subfield>
    <subfield code="c">27 cm.</subfield>
  </datafield>
  <datafield tag="650" ind1=" " ind2="4">
    <subfield code="a">Arqueolog&#xED;a-</subfield>
    <subfield code="z">Comunidad Valenciana.</subfield>
    <subfield code="9">169165</subfield>
  </datafield>
  <datafield tag="651" ind1=" " ind2="4">
    <subfield code="a">Comunidad Valenciana-</subfield>
    <subfield code="x">Historia-</subfield>
    <subfield code="y">&#xC9;poca prehist&#xF3;rica.</subfield>
    <subfield code="9">169166</subfield>
  </datafield>
  <datafield tag="710" ind1="2" ind2=" ">
    <subfield code="a">Servicio de Investigaci&#xF3;n Prehist&#xF3;rica (Valencia)</subfield>
    <subfield code="9">169161</subfield>
  </datafield>
  <datafield tag="852" ind1=" " ind2=" ">
    <subfield code="a">ES-MaACL</subfield>
    <subfield code="j">C-47716</subfield>
  </datafield>
  <datafield tag="999" ind1=" " ind2=" ">
    <subfield code="c">25686</subfield>
    <subfield code="d">25686</subfield>
  </datafield>
  <datafield tag="952" ind1=" " ind2=" ">
    <subfield code="0">0</subfield>
    <subfield code="1">0</subfield>
    <subfield code="4">0</subfield>
    <subfield code="7">0</subfield>
    <subfield code="a">ATENEOM</subfield>
    <subfield code="b">ATENEOM</subfield>
    <subfield code="c">DEPO2</subfield>
    <subfield code="d">2008-01-17</subfield>
    <subfield code="e">SC</subfield>
    <subfield code="l">0</subfield>
    <subfield code="o">C-47716</subfield>
    <subfield code="p">1026491</subfield>
    <subfield code="r">2023-02-23 00:00:00</subfield>
    <subfield code="w">2023-02-23</subfield>
    <subfield code="y">MONOGRAFIA</subfield>
  </datafield>
</record>
